Japonsko v multipolárnom svete
Japonsko, ktoré si roky udržiava postavenie druhej najvýkonnejšej ekonomiky (hneď po americkej), sa snaží o definíciu svojej pozície v meniacich sa medzinárodných vzťahoch. Japonsku dých na chrbát ako hospodársky súper i ako nastupujúci vojenský hegemón Čína. Japonsko a hrozba Severnej Kórei. Japons...
Saved in:
| Main Author: | |
|---|---|
| Format: | Book Chapter |
| Language: | Slovak |
| Subjects: | |
| Tags: |
No Tags, Be the first to tag this record!
|
MARC
| LEADER | 00000naa$a2200000$$$4500 | ||
|---|---|---|---|
| 001 | 0054921 | ||
| 005 | 20231009072833.4 | ||
| 041 | 0 | |a slo | |
| 044 | |a SK | ||
| 245 | 1 | 0 | |a Japonsko v multipolárnom svete |c Adrian Peter Pressburg |
| 520 | |a Japonsko, ktoré si roky udržiava postavenie druhej najvýkonnejšej ekonomiky (hneď po americkej), sa snaží o definíciu svojej pozície v meniacich sa medzinárodných vzťahoch. Japonsku dých na chrbát ako hospodársky súper i ako nastupujúci vojenský hegemón Čína. Japonsko a hrozba Severnej Kórei. Japonsko a Rusko, prístup k zdrojom. Tokio sa drží vojenského puta s USA. | ||
| 610 | 2 | 0 | |a vzťahy medzinárodné |
| 610 | 2 | 0 | |a vzťahy politické medzinárodné |
| 610 | 2 | 0 | |a Japonsko |
| 610 | 2 | 0 | |a Čína |
| 610 | 2 | 0 | |a Kórea |
| 610 | 2 | 0 | |a Rusko |
| 610 | 2 | 0 | |a zdroje prírodné |
| 610 | 2 | 0 | |a zdroje surovinové |
| 610 | 2 | 0 | |a vojenstvo |
| 100 | 1 | |a Pressburg, Adrian Peter | |